|
|
|
|
| LEADER |
00000nam0a2200000 4500 |
| 001 |
322759 |
| 005 |
20231102003514.0 |
| 035 |
|
|
|a (RuTPU)RU\TPU\book\348317
|
| 090 |
|
|
|a 322759
|
| 100 |
|
|
|a 20161003d1952 km y0rusy50 ca
|
| 101 |
0 |
|
|a rus
|
| 102 |
|
|
|a RU
|
| 105 |
|
|
|a y z 001zb
|
| 200 |
1 |
|
|a Илья Ефимович Репин
|e сборник статей
|f Московский государственный университет им. М. В. Ломоносова ; под ред. А. А. Федорова-Давыдова
|
| 210 |
|
|
|a Москва
|c Изд-во Московского ун-та
|d 1952
|
| 215 |
|
|
|a 144 с.
|
| 320 |
|
|
|a Библиография в ссылках
|
| 600 |
|
1 |
|a Репин
|b И. Е.
|c русский живописец
|f 1844-1930
|g Илья Ефимович
|2 stltpush
|3 (RuTPU)RU\TPU\pers\10848
|9 2394
|
| 606 |
1 |
|
|a Живописцы
|2 stltpush
|3 (RuTPU)RU\TPU\subj\10834
|9 37852
|
| 610 |
1 |
|
|a изобразительное искусство
|
| 610 |
1 |
|
|a русская живопись
|
| 610 |
1 |
|
|a история
|
| 610 |
1 |
|
|a 19 век
|
| 610 |
1 |
|
|a 20 век
|
| 610 |
1 |
|
|a художники
|
| 610 |
1 |
|
|a статьи
|
| 610 |
1 |
|
|a персоналии
|
| 675 |
|
|
|a 75.071
|v 4
|
| 702 |
|
1 |
|a Федоров-Давыдов
|b А. А.
|4 340
|
| 712 |
0 |
2 |
|a Московский государственный университет им. М. В. Ломоносова
|2 stltpush
|3 (RuTPU)RU\TPU\col\7
|
| 801 |
|
1 |
|a RU
|b 63413507
|c 20161003
|
| 801 |
|
2 |
|a RU
|b 63413507
|c 20200724
|g RCR
|
| 942 |
|
|
|c BK
|